Etudes sur Pascal

Wedi'i Gadw mewn:
Manylion Llyfryddiaeth
Prif Awduron: Blondel, Maurice (Awdur), Brunschvicg, León (Awdur), Chevalier, Jacques (Awdur), Höffding, Harald (Awdur), Laporte, Jean (Awdur), Rauh, Frederic (Awdur), Unamuno, Miguel de (Awdur)
Fformat: Llyfr
Iaith:Ffrangeg
Cyhoeddwyd: París Armand Colin 1923
Cyfres:Troisième Centenaire de la Naissance de Pascal
Pynciau:
Tagiau: Ychwanegu Tag
Dim Tagiau, Byddwch y cyntaf i dagio'r cofnod hwn!

MARC

LEADER 00000nam a2200000 a 4500
001 UCZ3694
003 CL-VaPUC
005 20230320112859.0
008 951027e19230000FR |||||||||||||||||fre|d
999 |c 240143  |d 240141 
040 |c Pontificia Universidad Católica de Valparaíso 
082 0 4 |a 194  |b BLO  |2 21 
100 0 |a Blondel, Maurice  |e author  |9 335836 
245 1 0 |a Etudes sur Pascal 
260 |a París  |b Armand Colin  |c 1923 
300 |a 221 p 
490 0 |a Troisième Centenaire de la Naissance de Pascal 
583 |a last modification  |c 19951027 00:00:00  |k Rodrigo Vera 
600 0 |a Pascal, Blaise   |q (Pascal, Blas)  |d 1623-1662  |9 880816 
650 0 |a Filosofía francesa   |9 255698 
650 0 |a Filosofía cristiana   |9 265980 
650 0 |a Escuelas filosóficas   |9 266232 
700 0 |a Brunschvicg, León  |e author  |9 335833 
700 0 |a Chevalier, Jacques  |e author  |9 347527 
700 0 |a Höffding, Harald  |e author  |9 347528 
700 |a Laporte, Jean  |e author  |9 349176 
700 0 |a Rauh, Frederic  |e author  |9 347530 
700 0 |a Unamuno, Miguel de  |e author  |9 312478 
942 |c BK  |2 ddc 
945 |d 19951027 00:00:00  |a cmena 
952 |0 0  |1 0  |4 0  |6 194_000000000000000_BLO_1923  |7 0  |8 P  |9 251813  |a BIBEDU  |b BIBEDU  |c BIBEDU_PB  |d 2019-11-18  |i 1589857  |o 194 BLO 1923  |p 1589857  |r 2024-01-25  |w 2019-11-18  |y BK  |k FIL